|
|
|
|
| LEADER |
00000nab a2200000 a 4500 |
| 001 |
vtls010304387 |
| 003 |
SK-MaSNL |
| 005 |
20260303204054.0 |
| 008 |
180907c2011 xo wrzp 0 0slo |
| 015 |
|
|
|a SNBRB2011/08
|2 rvgkpd
|
| 038 |
|
|
|a RVGKPD
|
| 040 |
|
|
|a RVGKPD
|b slo
|c RVGKPD
|e AACR2
|
| 041 |
0 |
|
|a slo
|
| 044 |
|
|
|a xo
|c SK
|
| 080 |
|
|
|a 728.538
|x (437.6)
|2 1997
|
| 100 |
1 |
|
|a Jakubová, Vanda
|4 aut
|9 1085799
|
| 245 |
1 |
0 |
|a Najvyššie
|b chatu pod Rysmi rekonštruujú, latrína s výhľadom však ostáva
|c Vanda Jakubová
|
| 300 |
|
|
|b Fotogr.
|
| 650 |
0 |
7 |
|a vysokohorské chaty
|2 rvgkpd
|9 118313
|
| 650 |
0 |
7 |
|a rekonštrukcie
|2 rvgkpd
|9 24616
|
| 651 |
|
7 |
|a Vysoké Tatry (Poľsko a Slovensko : pohorie)
|2 SNKPHgeo
|9 67729
|
| 651 |
|
7 |
|a Rysy (Vysoké Tatry, Poľsko a Slovenko : štít)
|2 rvgkpd
|9 175510
|
| 651 |
|
7 |
|a Poprad (Slovensko : okres)
|2 rvgkpd
|9 28675
|
| 773 |
0 |
|
|t Plus 7 dní
|g Roč. XX, č. 33 (2011), s. 24-26
|x 1210-4040
|
| 852 |
|
|
|a RVGKPD
|b KIS3G
|
| 856 |
4 |
1 |
|u http://plus7dni.pluska.sk/plus7dni/vsimli-sme-si/najvyssie.html
|
| 958 |
|
|
|a SK
|
| 992 |
|
|
|a RBX
|
| 999 |
|
|
|c 2188347
|d 2190277
|